MARC details
| 000 -CABECERA |
| campo de control de longitud fija |
01731nam a22003377i 4500 |
| 003 - IDENTIFICADOR DEL NÚMERO DE CONTROL |
| campo de control |
DO-SdBNP |
| 005 - FECHA Y HORA DE LA ÚLTIMA TRANSACCIÓN |
| campo de control |
20250611121345.0 |
| 006 - CÓDIGOS DE INFORMACIÓN DE LONGITUD FIJA--CARACTERÍSTICAS DEL MATERIAL ADICIONAL |
| campo de control de longitud fija |
a||||fr|||| 00| 0 |
| 007 - CAMPO FIJO DE DESCRIPCIÓN FÍSICA--INFORMACIÓN GENERAL |
| campo de control de longitud fija |
ta |
| 008 - DATOS DE LONGITUD FIJA--INFORMACIÓN GENERAL |
| campo de control de longitud fija |
240506e1997 |||a|||| |||| 00| e spa d |
| 040 ## - FUENTE DE LA CATALOGACIÓN |
| Centro catalogador/agencia de origen |
DO-SdBNP |
| Lengua de catalogación |
spa |
| Centro/agencia transcriptor |
BNPHU |
| Normas de descripción |
rda |
| 082 #4 - NÚMERO DE LA CLASIFICACIÓN DECIMAL DEWEY |
| Número de edición |
22 |
| Número de documento/Ítem |
S211ps |
| Número de clasificación |
155.897293 |
| 100 ## - ENTRADA PRINCIPAL--NOMBRE DE PERSONA |
| Nombre de persona |
Sánchez Martínez, Fernando, |
| Fechas asociadas al nombre |
1944- |
| 9 (RLIN) |
1573 |
| 245 10 - MENCIÓN DE TÍTULO |
| Título |
Psiclogía del pueblo dominicano / |
| Resto del título |
Fernando Sánchez Martínez |
| 264 #4 - PRODUCCIÓN, PUBLICACIÓN, DISTRIBUCIÓN, FABRICACIÓN Y COPYRIGHT |
| Producción, publicación, distribución, fabricación y copyright |
Santo Domingo : |
| Nombre del de productor, editor, distribuidor, fabricante |
Universitaria -UASD, |
| Fecha de producción, publicación, distribución, fabricación o copyright |
©1997 |
| 300 ## - DESCRIPCIÓN FÍSICA |
| Extensión |
223 páginas : |
| Otras características físicas |
ilustraciones ; |
| Dimensiones |
27 cm. |
| 336 ## - TIPO DE CONTENIDO |
| Fuente |
rdacontent |
| Término de tipo de contenido |
texto |
| Código de tipo de contenido |
txt |
| 337 ## - TIPO DE MEDIO |
| Fuente |
rdamedia |
| Nombre/término del tipo de medio |
sin mediación |
| Código del tipo de medio |
n |
| 338 ## - TIPO DE SOPORTE |
| Fuente |
rdacarrier |
| Nombre/término del tipo de soporte |
volumen |
| Código del tipo de soporte |
nc |
| 490 ## - MENCIÓN DE SERIE |
| Mención de serie |
Salud y Sociedad ; |
| Designación de volumen o secuencia |
27 |
| 500 ## - NOTA GENERAL |
| Nota general |
Incluye datos biográficos del autor en la contracubierta. |
| 500 ## - NOTA GENERAL |
| Nota general |
Incluye índice Onomástico |
| 504 ## - NOTA DE BIBLIOGRAFÍA, ETC. |
| Nota de bibliografía, etc. |
Biblioografía: 205 -208 |
| 505 ## - NOTA DE CONTENIDO CON FORMATO |
| Nota de contenido con formato |
Presentación.-- Prólogo.-- Introducción. |
| Información miscelánea |
Capítulo I. |
| Título |
Conceptualizaciones en torno a la salud mental.-- |
| Información miscelánea |
Capítulo II. |
| Título |
El Proceso Salud- Enfemerdad Mental.-- |
| Información miscelánea |
Capítulo III. |
| Título |
El Proceso Salud- Enfemerdad Mental en la Sociedad Dominicana.-- El Proceso Salud- Enfemerdad Mental en la Comunidad Primitiva.-- El Proceso Salud- Enfemerdad Mental en la Sociedad esclavista.-- |
| Información miscelánea |
Capítulo IV. |
| Título |
Hacia una Interpretación de la Psicología del Pueblo Dominicano.-- |
| Información miscelánea |
Capítulo V. |
| Título |
Conclusiones.-- |
| Información miscelánea |
Capítulo VI. |
| Título |
Bibliografía General. |
| 590 ## - NOTA LOCAL (RLIN) |
| Nota local |
Inventariado 2024 / MF |
| 650 ## - PUNTO DE ACCESO ADICIONAL DE MATERIA--TÉRMINO DE MATERIA |
| Término de materia o nombre geográfico como elemento de entrada |
Salud mental |
| Subdivisión geográfica |
República Dominicana |
| 9 (RLIN) |
1052 |
| 650 #0 - PUNTO DE ACCESO ADICIONAL DE MATERIA--TÉRMINO DE MATERIA |
| Término de materia o nombre geográfico como elemento de entrada |
Psicología social |
| 9 (RLIN) |
1574 |
| 650 ## - PUNTO DE ACCESO ADICIONAL DE MATERIA--TÉRMINO DE MATERIA |
| Término de materia o nombre geográfico como elemento de entrada |
Actitud |
| Subdivisión general |
Psicología Social |
| 9 (RLIN) |
85397 |
| 830 ## - PUNTO DE ACCESO ADICIONAL DE SERIE-TÍTULO UNIFORME |
| Título uniforme |
Publicaciones de la Universidad Autónoma de Santo Domingo ; |
| Lenguaje de la obra |
spa |
| Número de parte o sección de la obra |
volumen 846 |
| 9 (RLIN) |
85394 |
| 942 ## - ELEMENTOS DE PUNTO DE ACCESO ADICIONAL (KOHA) |
| Fuente del sistema de clasificación o colocación |
Dewey Decimal Classification |
| Tipo de ítem Koha |
Libro |